Puppet plays for special days. (Record no. 9959)

000 -LEADER
fixed length control field 00571nam a2200181 a 4500
001 - CONTROL NUMBER
control field :::00007744$&:&@@
003 - CONTROL NUMBER IDENTIFIER
control field OkBaRHE
005 - DATE AND TIME OF LATEST TRANSACTION
control field 20090408152940.0
008 - FIXED-LENGTH DATA ELEMENTS--GENERAL INFORMATION
fixed length control field s1977 j 000 0 eng u
040 ## - CATALOGING SOURCE
Transcribing agency
100 1# - MAIN ENTRY--PERSONAL NAME
Personal name London, Carolyn.
245 10 - TITLE STATEMENT
Title Puppet plays for special days.
260 ## - PUBLICATION, DISTRIBUTION, ETC. (IMPRINT)
Place of publication, distribution, etc Chicago, IL., :
Name of publisher, distributor, etc Moody Press
Date of publication, distribution, etc c1977
300 ## - PHYSICAL DESCRIPTION
Extent 111 p. : illus. ;
Dimensions 19 cm.
650 ## - SUBJECT ADDED ENTRY--TOPICAL TERM
Topical term or geographic name as entry element Puppets and Puppet-plays in Christian Education
942 ## - ADDED ENTRY ELEMENTS (KOHA)
Source of classification or shelving scheme
Koha item type Books
Copies
Date acquired Damaged status Barcode Shelving location Withdrawn status Date last seen Permanent Location Source of classification or shelving scheme Price effective from Koha item type Lost status Copy number Not for loan Full call number
2010-04-14 7744General Stacks 2010-04-14RHEMA Bible Training College 2010-04-14Books 1 BV 1535 .L6P8